00314nam a2200121Ia 4500008004100000041000800041082001600049100002000065245003100085260004000116300001900156999001700175241015s9999 xx 000 0 und d aeng a282.092 TEJ aTejpal, Tarun J aThe Line of Mercy: A Novel bHarper Collins IndiaaHaryanac2022 a757;. P. 22 cm c41917d41917